[Event "Eastern Asia-ch U16"]
[Site "Tornelo INT"]
[Date "2021.10.30"]
[Round "6"]
[White "Gavade, Atharv"]
[Black "Velarde, Jerish John"]
[Result "1-0"]
[WhiteElo "1335"]
[BlackElo "1697"]
[PlyCount "79"]
[EventDate "2021.10.29"]
[EventType "swiss"]
[EventRounds "9"]
[EventCountry "NET"]
[SourceTitle "CBM 205 Extra"]
[Source "ChessBase"]
[SourceDate "2022.01.31"]
[SourceVersion "1"]
[SourceVersionDate "2022.01.31"]
[SourceQuality "1"]

1. e4 d6 2. d4 Nd7 3. Nf3 g6 4. Bc4 c6 5. 0-0 Bg7 6. c3 Nb6 7. Bb3 Qc7 8. Bf4 e5 9. dxe5 dxe5 10. Be3 Nf6 11. Nbd2 Qe7 12. Bxb6 axb6 13. Nc4 Bg4 14. Nd6+ Kd8 15. Nxf7+ Kc7 16. Nxh8 Bxh8 17. h3 Bh5 18. Qd3 Rd8 19. Qe3 Bxf3 20. Qxf3 Rf8 21. Qe3 Nh5 22. g3 Bf6 23. Rad1 Bg5 24. Qd3 Qc5 25. Qd7+ Kb8 26. Qd6+ Ka7 27. Qxc5 bxc5 28. Rd7 Nf6 29. Re7 Ng4 30. Rxh7 Nf6 31. Re7 Ng4 32. Re6 Nxf2 33. Kg2 Be3 34. Rxg6 b5 35. Rxc6 c4 36. Bc2 Rd8 37. Kf3 Bb6 38. Rxb6 Rf8+ 39. Ke2 Kxb6 40. Rxf2 1-0

[Event "Panchavati Resha op 3rd"]
[Site "Panchavati"]
[Date "2017.07.20"]
[Round "5"]
[White "Rajesh, VAV"]
[Black "Gavade, Atharv"]
[Result "1-0"]
[WhiteElo "2304"]
[BlackElo "1521"]
[PlyCount "69"]
[EventDate "2017.07.18"]
[EventType "swiss"]
[EventRounds "10"]
[EventCountry "IND"]
[SourceTitle "EXT 2018"]
[Source "ChessBase"]
[SourceDate "2017.10.13"]
[SourceVersion "1"]
[SourceVersionDate "2017.10.13"]
[SourceQuality "1"]

1. b3 d5 2. Bb2 Bf5 3. Nf3 e6 4. e3 Nf6 5. d4 c6 6. Bd3 Bg6 7. 0-0 Bd6 8. c4 0-0 9. Bxg6 hxg6 10. Nc3 Nbd7 11. Qc2 Ng4 12. h3 Nh6 13. e4 dxe4 14. Nxe4 Bc7 15. Rad1 Qe7 16. d5 Nf5 17. d6 Bxd6 18. Nxd6 Nxd6 19. Qd3 Nf6 20. Qxd6 Qxd6 21. Rxd6 Rfd8 22. Rfd1 Rxd6 23. Rxd6 c5 24. Bxf6 gxf6 25. Rd7 b6 26. Nd2 f5 27. Nf3 f6 28. Nh4 g5 29. Ng6 e5 30. g3 e4 31. h4 gxh4 32. gxh4 Re8 33. h5 e3 34. h6 e2 35. h7# 1-0

[Event "Panchavati Resha op 3rd"]
[Site "Panchavati"]
[Date "2017.07.19"]
[Round "3"]
[White "Kanyamarala, Tarun"]
[Black "Gavade, Atharv"]
[Result "1/2-1/2"]
[WhiteElo "2091"]
[BlackElo "1521"]
[PlyCount "44"]
[EventDate "2017.07.18"]
[EventType "swiss"]
[EventRounds "10"]
[EventCountry "IND"]
[SourceTitle "EXT 2018"]
[Source "ChessBase"]
[SourceDate "2017.10.13"]
[SourceVersion "1"]
[SourceVersionDate "2017.10.13"]
[SourceQuality "1"]

1. d4 Nf6 2. Nf3 d6 3. c4 c5 4. d5 b5 5. cxb5 a6 6. bxa6 Bxa6 7. Nc3 g6 8. g3 Bg7 9. Bg2 0-0 10. Rb1 Nbd7 11. 0-0 Qc7 12. b3 Ng4 13. Bb2 Nge5 14. Nxe5 Nxe5 15. Qc2 Rfb8 16. Bc1 Bc8 17. Bd2 Bf5 18. e4 Bc8 19. Rfd1 Bg4 20. Re1 c4 21. h3 Bd7 22. Red1 Qc8 1/2-1/2

[Event "IND-ch U11 30th"]
[Site "India"]
[Date "2016.07.05"]
[Round "10"]
[White "Gavade, Atharv"]
[Black "Ghelani, Dhairya"]
[Result "1/2-1/2"]
[WhiteElo "1305"]
[BlackElo "1568"]
[PlyCount "187"]
[EventDate "2016.06.28"]
[EventType "swiss"]
[EventRounds "11"]
[EventCountry "IND"]
[SourceTitle "CBM 173 Extra"]
[Source "ChessBase"]
[SourceDate "2016.08.29"]
[SourceVersion "1"]
[SourceVersionDate "2016.08.29"]
[SourceQuality "1"]

1. e4 c5 2. c3 d5 3. exd5 Qxd5 4. d4 e6 5. Nf3 Nf6 6. Be2 Be7 7. 0-0 0-0 8. Be3 cxd4 9. cxd4 Nc6 10. Nc3 Qd8 11. Rc1 b6 12. Qa4 Bb7 13. Bb5 Nb4 14. Ne5 a6 15. Be2 b5 16. Qd1 Nbd5 17. Bg5 Rc8 18. Nxd5 Nxd5 19. Rxc8 Qxc8 20. Bxe7 Nxe7 21. Bf3 Qa8 22. Bxb7 Qxb7 23. Qh5 Qd5 24. Qg4 Nf5 25. Rd1 Rd8 26. Qh5 g6 27. Qf3 Qxf3 28. Nxf3 Rc8 29. g4 Ne7 30. Rd2 Nd5 31. Kg2 Kf8 32. Ng5 h6 33. Ne4 Ke7 34. Nc5 Rc6 35. Nb3 Rc8 36. Nc5 Rc6 37. Nb3 Rc8 38. Nc5 Nf4+ 39. Kf3 Nd5 40. a3 Rc6 41. Kg2 Nf4+ 42. Kf3 Nd5 43. Kg2 Nf6 44. f3 Nd5 45. Kf2 Nf4 46. Ke3 Nd5+ 47. Kf2 Nf4 48. Ke3 Nd5+ 49. Kf2 Rd6 50. Ne4 Rc6 51. Nc5 Kf8 52. Rc2 Ke7 53. Rd2 Kf8 54. Rc2 Ke7 55. Rd2 a5 56. Nd3 Nb6 57. Ne5 Rc8 58. Re2 Kf6 59. f4 a4 60. g5+ hxg5 61. fxg5+ Kg7 62. Kg3 Rc1 63. Rf2 Rc7 64. h4 Nc8 65. Kg4 Nd6 66. h5 gxh5+ 67. Kxh5 Rc8 68. Kg4 Nf5 69. d5 Rd8 70. Nxf7 Rxd5 71. Nh6 Rd4+ 72. Rf4 Ne3+ 73. Kf3 Rxf4+ 74. Kxf4 Nc4 75. Ng4 Nxb2 76. Ne3 Nc4 77. Nc2 Kg6 78. Ke4 Kxg5 79. Kd4 Kf4 80. Kc5 Ke4 81. Kxb5 Nb2 82. Kc5 Kd3 83. Nd4 e5 84. Nf5 Kc3 85. Nd6 Kb3 86. Ne4 Kxa3 87. Nc3 Kb3 88. Nxa4 Kxa4 89. Kd5 Nd3 90. Ke4 Kb4 91. Kxd3 Kc5 92. Ke4 Kd6 93. Ke3 Kd5 94. Kd3 1/2-1/2

[Event "Mumbai Wealth op U13"]
[Site "Mumbai"]
[Date "2016.02.05"]
[Round "9"]
[White "Aan, Sikka"]
[Black "Gavade, Atharv"]
[Result "1-0"]
[WhiteElo "1678"]
[BlackElo "1355"]
[PlyCount "125"]
[EventDate "2016.01.28"]
[EventType "swiss"]
[EventRounds "9"]
[EventCountry "IND"]
[SourceTitle "CBM 170 Extra"]
[Source "ChessBase"]
[SourceDate "2016.02.25"]
[SourceVersion "1"]
[SourceVersionDate "2016.02.25"]
[SourceQuality "1"]

1. e4 e5 2. Nf3 Nc6 3. Bc4 Nf6 4. d3 Bc5 5. c3 d6 6. Nbd2 a6 7. Bb3 0-0 8. h3 Ba7 9. 0-0 Be6 10. Re1 Ne7 11. Nf1 Ng6 12. Ng3 h6 13. d4 Bxb3 14. Qxb3 b5 15. a4 c6 16. axb5 axb5 17. Be3 Qc7 18. Ra6 Bb6 19. Rea1 Ba5 20. R1xa5 Qxa5 21. Rxa5 Rxa5 22. Qb4 Ra1+ 23. Kh2 Rd8 24. dxe5 dxe5 25. Qc5 Rdd1 26. Nxe5 h5 27. Nxg6 fxg6 28. Qg5 Kf7 29. e5 Nh7 30. e6+ Kxe6 31. Qxg6+ Nf6 32. Nxh5 Rh1+ 33. Kg3 Rxh3+ 34. Kxh3 Rh1+ 35. Kg3 Rxh5 36. Bd4 Rd5 37. Bxf6 gxf6 38. Qe4+ Kd6 39. Kf3 f5 40. Qxd5+ Kxd5 41. b3 b4 42. cxb4 Kd4 43. Kf4 Kc3 44. Kxf5 Kxb4 45. g4 Kxb3 46. g5 c5 47. g6 c4 48. g7 c3 49. g8Q+ Kb2 50. Qg1 c2 51. Ke5 c1Q 52. Qxc1+ Kxc1 53. f4 Kd2 54. f5 Ke3 55. f6 Kf3 56. f7 Kg4 57. f8Q Kg3 58. Qf1 Kh2 59. Qf3 Kg1 60. Qe2 Kh1 61. Kf4 Kg1 62. Kg3 Kh1 63. Qg2# 1-0

[Event "Mumbai Wealth op U13"]
[Site "Mumbai"]
[Date "2016.02.01"]
[Round "5"]
[White "Gavade, Atharv"]
[Black "Sharanya, Vinayak Adane"]
[Result "1-0"]
[WhiteElo "1355"]
[BlackElo "1122"]
[PlyCount "83"]
[EventDate "2016.01.28"]
[EventType "swiss"]
[EventRounds "9"]
[EventCountry "IND"]
[SourceTitle "CBM 170 Extra"]
[Source "ChessBase"]
[SourceDate "2016.02.25"]
[SourceVersion "1"]
[SourceVersionDate "2016.02.25"]
[SourceQuality "1"]

1. e4 c5 2. d4 cxd4 3. c3 dxc3 4. Nxc3 Nc6 5. Nf3 d6 6. Bc4 e6 7. 0-0 Nf6 8. Bf4 e5 9. Be3 Be7 10. h3 0-0 11. Qe2 a6 12. Bb3 Qc7 13. Rac1 Bd7 14. Nd5 Qb8 15. Nb6 Qd8 16. Nxa8 Qxa8 17. Bg5 h6 18. Bh4 Qd8 19. Rfd1 Ne8 20. Bg3 Kh8 21. Bd5 Qb8 22. Bb3 Nf6 23. Bh4 Ne8 24. Bxe7 Nxe7 25. Nxe5 Bb5 26. Nc4 Bxc4 27. Bxc4 Nc8 28. Qc2 Nb6 29. Be2 Kg8 30. Bg4 Nf6 31. Bf5 Rd8 32. Qc7 Qxc7 33. Rxc7 g6 34. Rxb7 gxf5 35. Rxb6 fxe4 36. Rbxd6 Rxd6 37. Rxd6 Kg7 38. Rxa6 Nd7 39. Ra4 Nc5 40. Rc4 Nd3 41. b3 f5 42. a4 1-0